Jakubica i Frencel - dwa najstarsze łużyckie przekłady Nowego Testamentu
| Titel: | Jakubica i Frencel - dwa najstarsze łużyckie przekłady Nowego Testamentu |
|---|---|
| Verfasser: | |
| In: |
Sorbisches Institut: Lětopis, Band 39, Heft 2 (1992), Seite 24-28 alle Artikel anzeigen |
| Veröffentlicht: | 1992 |
| Format: | Aufsatz |
| Sprache: | Polnisch |
X
alg: 39466963 001A $01999:12-11-16 001B $01999:01-06-17 $t17:59:13.000 001C $06050:19-11-16 $t09:36:04.000 001D $01999:12-11-16 001U $0utf8 001X $00 002@ $0Aox 003@ $0394669630 007A $0394669630 $aHEB 007T $0Herdww001358 010@ $apol 011@ $a1992 021A $aJakubica i Frencel - dwa najstarsze łużyckie przekłady Nowego Testamentu 028A $#Przyłubska-Siatkowska, Ewa $#Siatkowska, Ewa Magdalena $7123941652 $8Siatkowska, Ewa$Z1930-2020 [Tp1] $9105820539 031A $d39 $e2 $h24-28 $j1992 039B $aIn $8--Abvc--Sorbisches Institut [Tb1]. Lětopis. - Bautzen : Domowina-Verl., 1992-. - ISSN 0943-2787 $x199200000390002976 $9048608750 045T $a10 $a8,1 $a9,10 lok: 39466963 78 exp: 39466963 78 1 #EPN 201B/01 $018-11-16 $t12:21:23.000 201U/01 $0utf8 203@/01 $0790780127 208@/01 $a12-11-16 $be 209A/01 $a/ $f000 $x00 220C/01 $aTitelaufnehmer: TJ 220C/01 $aHerkunft: IH UWr 244Z/01 $2Trx $#Silesia $#Śląsk $#Sliezsko $#Slezsko $8--Trx--Schlesien $x01 $9391173987 244Z/01 $2Trx $#Budestecy $#Großpostwitz O.L. $8--Trx--Großpostwitz$gBautzen $x02 $939129539X 244Z/01 $aGeschichte 1500-1750 $x03 244Z/01 $aJakubica Mikołaj $x04 244Z/01 $2Trx $#Frencel, Michał $8--Trx--Frentzel, Michael$Z1628-1706 $x05 $9390661953 244Z/01 $2Trx $#keeleteadus $#kalbotyra $#Linguistics $#nyelvtudomány $#językoznawstwo $#jazykoveda $#jazykověda $#Linguistik $#lingvistika $8--Trx--Sprachwissenschaft $x06 $939137124X 244Z/01 $2Trx $8--Trx--Zeitschriftenaufsatz $x07 $9391384341 247C/01 $82080>Marburg/Lahn, Herder-Institut, Forschungsbibliothek, Bibliographieportal $9336309341
| LEADER | 00000caa a22000002c 4500 | ||
|---|---|---|---|
| 001 | 394669630 | ||
| 003 | DE-603 | ||
| 005 | 20170601175913.0 | ||
| 007 | tu | ||
| 008 | 161112s1992 xx |||| | u00||u|pol c | ||
| 035 | |a (DE-599)HEB394669630 | ||
| 040 | |a DE-603 |b ger |c DE-603 |d DE-603 | ||
| 041 | |a pol | ||
| 084 | |a 10 |a 8,1 |a 9,10 |2 ssgn | ||
| 100 | 1 | |a Siatkowska, Ewa |d 1930-2020 |0 (DE-603)105820539 |0 (DE-588)123941652 |2 gnd | |
| 245 | 0 | 0 | |a Jakubica i Frencel - dwa najstarsze łużyckie przekłady Nowego Testamentu |
| 264 | 0 | |c 1992 | |
| 773 | 0 | 8 | |i In |a Sorbisches Institut |t Lětopis |d Bautzen : Domowina-Verl., 1992- |h 24 cm |x 0943-2787 |g Band 39, Heft 2 (1992), Seite 24-28 |w (DE-603)048608750 |w (DE-600)1116990-4 |
| 924 | 0 | |9 2080 |a (DE-603)790780127 |b DE-2080 |c HES |d d |g / | |


